Import of Goods and Services June 2011 (Record no. 586157)
[ view plain ]
| 000 -LEADER | |
|---|---|
| fixed length control field | 00367nam a22001217a 4500 |
| 082 ## - DEWEY DECIMAL CLASSIFICATION NUMBER | |
| Classification number | 380 |
| 100 ## - MAIN ENTRY--PERSONAL NAME | |
| Personal name | State Bank of Pakistan |
| 245 ## - TITLE STATEMENT | |
| Title | Import of Goods and Services June 2011 |
| Statement of responsibility, etc. | State Bank of Pakistan |
| 260 ## - PUBLICATION, DISTRIBUTION, ETC. | |
| Place of publication, distribution, etc. | Karachi |
| Name of publisher, distributor, etc. | Statistics and Data Warehouse Deptt |
| Date of publication, distribution, etc. | 2011 |
| 300 ## - PHYSICAL DESCRIPTION | |
| Extent | 385p |
| 942 ## - ADDED ENTRY ELEMENTS (KOHA) | |
| Source of classification or shelving scheme | |
| Koha item type | Book |
| Withdrawn status | Lost status | Source of classification or shelving scheme | Damaged status | Not for loan | Permanent Location | Current Location | Date acquired | Total Checkouts | Full call number | Barcode | Date last seen | Price effective from | Koha item type | Public note |
|---|---|---|---|---|---|---|---|---|---|---|---|---|---|---|
| Central Library (CL) | Central Library (CL) | 08/11/2021 | 380 SBP | S3H-N-1669 | 08/11/2021 | 08/11/2021 | Book | NBSR-47 |
